LEADER 00701nam0 2200229 450 001 000001227 005 20050630115300.0 100 $a--------d1970----km-y0itay50------ba 101 $aita 102 $aIT 200 1 $a<>statuto dei lavoratori$ecommento alla legge 20 maggio 1970, n. 300$fAntonino Freni, Gino Giugni 210 $aMilano$cGiuffrè$d1971 215 $a224 p.$d22 cm 610 1 $aLavoratori$aLegislazione 676 $a344.01 700 1$aFreni,$bAntonino$0256875 701 1$aGiugni,$bGino$033839 801 0$aIT $bUNIPARTHENOPE $gRICA $2UNIMARC 912 $a000001227 951 $cNAVA1$a344-S/8$b17999$d20000417 996 $aStatuto dei lavoratori$9700707 997 $aUNIPARTHENOPE LEADER 02570nam 2200625 450 001 9910478884903321 005 20170822144325.0 010 $a1-4704-0374-9 035 $a(CKB)3360000000464960 035 $a(EBL)3114455 035 $a(SSID)ssj0000910368 035 $a(PQKBManifestationID)11557575 035 $a(PQKBTitleCode)TC0000910368 035 $a(PQKBWorkID)10932357 035 $a(PQKB)10665880 035 $a(MiAaPQ)EBC3114455 035 $a(PPN)195416627 035 $a(EXLCZ)993360000000464960 100 $a20030110h20032003 uy| 0 101 0 $aeng 135 $aur|n|---||||| 181 $ctxt 182 $cc 183 $acr 200 10$aBanach embedding properties of non-commutative L[superscript p]-spaces /$fU. Haagerup, H.P. Rosenthal, F.A. Sukochev 210 1$aProvidence, Rhode Island :$cAmerican Mathematical Society,$d[2003] 210 4$d©2003 215 $a1 online resource (82 p.) 225 1 $aMemoirs of the American Mathematical Society,$x0065-9266 ;$vnumber 776 300 $a"Volume 163, number 776 (third of 5 numbers)." 311 $a0-8218-3271-9 320 $aIncludes bibliographical references (pages 67-68). 327 $a""Contents""; ""Chapter 1. Introduction""; ""Chapter 2. The modulus of uniform integrability and weak compactness in L[sum(1)](N)""; ""Proof of the Main Theorem""; ""Chapter 3. Improvements to the Main Theorem""; ""Proof of Theorem 3.2""; ""Proof of Theorem 3.1""; ""Chapter 4. Complements on the Banach/operator space structure of L[sup(p)](N)-spaces""; ""Chapter 5. The Banach isomorphic classification of the spaces L[sup(p)](N) for N hyperfinite semi-finite""; ""Chapter 6. L[sup(P)](N)-isomorphism results for N a type III hyperfinite or a free group von Neumann algebra""; ""Bibliography"" 410 0$aMemoirs of the American Mathematical Society ;$vno. 776. 606 $aLp spaces 606 $aNormed linear spaces 606 $aVon Neumann algebras 606 $aNoncommutative function spaces 608 $aElectronic books. 615 0$aLp spaces. 615 0$aNormed linear spaces. 615 0$aVon Neumann algebras. 615 0$aNoncommutative function spaces. 676 $a510 s 676 $a515/.73 700 $aHaagerup$b U.$0933009 702 $aRosenthal$b Haskell P. 702 $aSukochev$b F. A. 801 0$bMiAaPQ 801 1$bMiAaPQ 801 2$bMiAaPQ 906 $aBOOK 912 $a9910478884903321 996 $aBanach embedding properties of non-commutative L-spaces$92100035 997 $aUNINA LEADER 01625oam 2200481zu 450 001 9910141058403321 005 20241212220123.0 010 $a9789660259041 010 $a9660259042 035 $a(CKB)2670000000131599 035 $a(SSID)ssj0000669131 035 $a(PQKBManifestationID)12310504 035 $a(PQKBTitleCode)TC0000669131 035 $a(PQKBWorkID)10703961 035 $a(PQKB)11470792 035 $a(EXLCZ)992670000000131599 100 $a20160829d2011 uy 101 0 $aeng 181 $ctxt 182 $cc 183 $acr 200 10$a2011 XVth International Seminar/Workshop on Direct and Inverse Problems of Electromagnetic and Acoustic Wave Theory 210 31$a[Place of publication not identified]$cIEEE$d2011 300 $aBibliographic Level Mode of Issuance: Monograph 311 08$a9781457708978 311 08$a1457708973 606 $aElectromagnetic waves$xScattering$vCongresses 606 $aSound-waves$vCongresses 606 $aPhysics$2HILCC 606 $aPhysical Sciences & Mathematics$2HILCC 606 $aElectricity & Magnetism$2HILCC 615 0$aElectromagnetic waves$xScattering 615 0$aSound-waves 615 7$aPhysics 615 7$aPhysical Sciences & Mathematics 615 7$aElectricity & Magnetism 712 02$aInstitute of Electrical and Electronics Engineers 712 12$aInternational Seminar/Workshop on Direct and Inverse Problems of Electromagnetic and Acoustic Wave Theory 801 0$bPQKB 906 $aPROCEEDING 912 $a9910141058403321 996 $a2011 XVth International Seminar$92524695 997 $aUNINA